Manual de zoología / (Record no. 75466)
[ view plain ]
| 000 -LEADER | |
|---|---|
| campo de control de longitud fija | 00987nam a2200205 i 4500 |
| 001 - NÚMERO DE CONTROL | |
| campo de control | 75466 |
| 003 - IDENTIFICADOR DE NÚMERO DE CONTROL | |
| campo de control | ES-MaACL |
| 007 - CAMPO FIJO DE DESCRIPCIÓN FÍSICA--INFORMACIÓN GENERAL | |
| campo de control de longitud fija | t| |
| 008 - DATOS DE LONGITUD FIJA--INFORMACIÓN GENERAL | |
| campo de control de longitud fija | 040924s1982 sp ||||1| spa d |
| 100 1# - ENTRADA PRINCIPAL--NOMBRE DE PERSONA | |
| Nombre de persona | Grassé, Pierre Paul. |
| 9 (RLIN) | 59698 |
| 245 10 - MENCIÓN DEL TÍTULO | |
| Título | Manual de zoología / |
| Mención de responsabilidad, etc. | por P.P. Grassé ; versión de Carlos Lastra López y Nuria Anadón Alvarez ; Gilberto Sánchez Jardón ; supervisión: Emilio Anadón. |
| 260 ## - PUBLICACIÓN, DISTRIBUCIÓN, ETC. | |
| Lugar de publicación, distribución, etc. | [Barcelona] : |
| Nombre del editor, distribuidor, etc. | Toray-Masson, |
| Fecha de publicación, distribución, etc. | 1982. |
| 300 ## - DESCRIPCIÓN FÍSICA | |
| Extensión | 4 v. : |
| Otras características físicas | il. ; |
| Dimensiones | 21 cm. |
| 505 8# - NOTA DE CONTENIDO CON FORMATO | |
| Nota de contenido con formato | Contiene: T. I: Invertebrados. -- T. II: Vertebrados. -- T. III: Vertebrados. Reproducción, biología, evolución y sistemática. Agnatos, peces, anfibios y reptiles. T. IV: Invertebrados. Reproducción, biología, evolución y sistemática. Aves y mamíferos. |
| 700 1# - ENTRADA AGREGADA--NOMBRE PERSONAL | |
| Nombre de persona | Lastra López, Carlos. |
| 9 (RLIN) | 70501 |
| 700 1# - ENTRADA AGREGADA--NOMBRE PERSONAL | |
| Nombre de persona | Sánchez Jardón, Gilberto. |
| 9 (RLIN) | 102711 |
| 700 1# - ENTRADA AGREGADA--NOMBRE PERSONAL | |
| Nombre de persona | Anadón Alvarez, Nuria. |
| 9 (RLIN) | 21367 |
| 700 1# - ENTRADA AGREGADA--NOMBRE PERSONAL | |
| Nombre de persona | Anadón, Emilio. |
| 9 (RLIN) | 21366 |
| 852 ## - LOCALIZACIÓN | |
| Ubicación | ES-MaACL |
| Número de control de estantería | L-83003-3 |
| Sublocalización o colección | R.103394 |
| Estatus retirado | Estado de pérdida | Estado de daño | No para préstamo | Biblioteca de origen | Biblioteca actual | Ubicación en estantería | Fecha de adquisición | Fuente de adquisición | Total de préstamos | Signatura topográfica completa | Código de barras | Visto por última vez | Precio de reemplazo | Tipo de ítem Koha |
|---|---|---|---|---|---|---|---|---|---|---|---|---|---|---|
| Biblioteca del Ateneo de Madrid | Biblioteca del Ateneo de Madrid | Depósito 2 | 17/01/2008 | L-83003-3 | 1078991 | 23/02/2023 | 23/02/2023 | Libro impreso |
